| 000 | 00450nam a2200145Ia 4500 | ||
|---|---|---|---|
| 003 | OSt | ||
| 005 | 20260128121529.0 | ||
| 008 | 211028s2018 xx 000 0 und d | ||
| 040 | _cAIMIT LIBRARY | ||
| 041 | _aeng | ||
| 100 |
_aShetty, Akshay; Wright, Rowena. _g1616009 _97766 |
||
| 245 | _aStudy on effect of payback cards on improving customer loyalty in brand factory Mangalore / | ||
| 260 |
_aMangalore _bLestan D Souza. _c2018 |
||
| 942 |
_2ddc _cPRO |
||
| 999 |
_c219334 _d219334 |
||